000
00320nas a2200145 a 4500
001
69056
003
142889
005
20201118110613.0
008
||||||n9999 ||| || ||
245
0
_a
Computerworld - Vol.11 No.212
260
_c
1999.
562
_e
1
773
_0
18302
_a
Computerworld :
942
_c
SISS
999
_c
69056
_d
69056